[Event "AUTO-INT-2744"]
[Site "http://www.queenalice.com/game.php?id=1226678"]
[Date "2013.10.23"]
[Round "1"]
[White "stranieroinpatria"]
[Black "Kuroi"]
[Result "1-0"]
[WhiteElo "1688"]
[BlackElo "1229"]

1. e4 e5 2. Nf3 Nc6 3. Bc4 Qf6 4. O-O g6 5. d3 Bg7 6. Ng5 Nh6 7. Nc3 O-O 8. Nd5
Qd8 9. Qf3 Nd4 10. Qd1 c6 11. Nc3 b5 12. Bb3 a5 13. a4 b4 14. Ne2 d6 15. c3
Nxe2+ 16. Qxe2 Ba6 17. cxb4 axb4 18. Bxf7+ 1-0

[Event "AUTO-INT-2744"]
[Site "http://www.queenalice.com/game.php?id=1264859"]
[Date "2014.3.14"]
[Round "2"]
[White "voodoozebra"]
[Black "stranieroinpatria"]
[Result "0-1"]
[WhiteElo "1738"]
[BlackElo "1793"]

1. e4 e5 2. Nf3 Nc6 3. Bc4 Bc5 4. b3 Nf6 5. Bb2 d6 6. h3 O-O 7. d3 d5 8. exd5
Nxd5 9. Nxe5 Nxe5 10. Bxe5 Re8 11. d4 Bb4+ 12. Nd2 Bc3 13. Rb1 Bxd4 14. Nf3 Nc3
15. Qc1 Nxb1 16. Qf4 Bxe5 17. Nxe5 Rxe5+ 18. Qxe5 Qd2+ 19. Kf1 Qd1+ 20. Qe1 Nd2+
21. Kg1 Qxe1+ 22. Kh2 Nf3+ 23. gxf3 Qxf2# 0-1

[Event "AUTO-INT-2744"]
[Site "http://www.queenalice.com/game.php?id=1264860"]
[Date "2014.3.14"]
[Round "2"]
[White "stranieroinpatria"]
[Black "voodoozebra"]
[Result "1-0"]
[WhiteElo "1807"]
[BlackElo "1724"]

1. e4 e6 2. d4 d5 3. Nc3 c5 4. Nf3 c4 5. exd5 exd5 6. g3 Bg4 7. Bg2 b5 8. Bf4
Bb4 9. Qe2+ Ne7 10. O-O a6 11. Bxb8 Rxb8 12. Rfe1 O-O 13. a3 Bxc3 14. bxc3 Re8
15. Qe3 Nf5 16. Qf4 Nh6 17. Rxe8+ Qxe8 18. Re1 Qd7 19. Qxb8+ Qc8 20. Re8+ 1-0

[Event "AUTO-INT-2744"]
[Site "http://www.queenalice.com/game.php?id=1264863"]
[Date "2014.3.14"]
[Round "2"]
[White "kuntakinte"]
[Black "stranieroinpatria"]
[Result "0-1"]
[WhiteElo "1812"]
[BlackElo "1761"]

1. e4 e5 2. d4 Nc6 3. d5 Nce7 4. b3 Nf6 5. Nc3 d6 6. h3 c6 7. Bg5 cxd5 8. exd5
Qa5 9. Ne2 Nexd5 10. Bd2 Qc5 11. a3 Nxc3 12. Bxc3 Ne4 13. Bb4 Qxf2# 0-1

[Event "AUTO-INT-2744"]
[Site "http://www.queenalice.com/game.php?id=1264864"]
[Date "2014.3.14"]
[Round "2"]
[White "stranieroinpatria"]
[Black "kuntakinte"]
[Result "1-0"]
[WhiteElo "1820"]
[BlackElo "1827"]

1. e4 e5 2. Nf3 d6 3. Nc3 c6 4. Bc4 a5 5. d4 b5 6. Bd3 b4 7. Na4 exd4 8. Nxd4 c5
9. Nf3 Bg4 10. O-O Nf6 11. Bg5 h6 12. e5 dxe5 13. Bxf6 Qxf6 14. Be4 Nc6 15. Nb6
Ra7 16. Bxc6+ Qxc6 17. Nc4 Rd7 18. Qe1 Bxf3 19. Nxe5 Qb7 20. Nxd7+ Kxd7 21. gxf3
Qxf3 22. Qd1+ Qxd1 23. Raxd1+ Kc6 24. Rd8 c4 25. Rfd1 g5 26. R1d7 f5 27. Rf7 h5
28. Rxf5 Kc7 29. Rdxf8 Rh7 30. R8f7+ Rxf7 31. Rxf7+ Kd6 32. Rf5 a4 33. Rxg5 h4
34. Kg2 Ke6 35. Kh3 1-0

[Event "AUTO-INT-2744"]
[Site "http://www.queenalice.com/game.php?id=1264867"]
[Date "2014.3.14"]
[Round "2"]
[White "stranieroinpatria"]
[Black "danote"]
[Result "1-0"]
[WhiteElo "1773"]
[BlackElo "1632"]

1. e4 e5 2. Nf3 d6 3. d4 b6 4. Nc3 Nf6 5. Bc4 Bb7 6. Bg5 Be7 7. dxe5 dxe5 8. Nd5
Nxd5 9. Bxe7 Kxe7 10. Bxd5 Bxd5 11. exd5 1-0

[Event "AUTO-INT-2744"]
[Site "http://www.queenalice.com/game.php?id=1264868"]
[Date "2014.3.14"]
[Round "2"]
[White "danote"]
[Black "stranieroinpatria"]
[Result "0-1"]
[WhiteElo "1622"]
[BlackElo "1783"]

1. g3 e5 2. Nc3 Nf6 3. Bg2 d5 4. d3 Nc6 5. Bg5 Be6 6. e4 Be7 7. exd5 Bxd5 8.
Nxd5 Nxd5 9. Bxe7 Ndxe7 10. a3 O-O 0-1

[Event "AUTO-OPEN-3105"]
[Site "http://www.queenalice.com/game.php?id=1281458"]
[Date "2014.5.13"]
[Round "2"]
[White "serrameira"]
[Black "stranieroinpatria"]
[Result "1-0"]
[WhiteElo "1972"]
[BlackElo "1836"]

1. e4 e5 2. Nf3 Nc6 3. d4 Nf6 4. d5 Ne7 5. Nc3 d6 6. Bg5 Bg4 7. Bxf6 gxf6 8. h3
Bxf3 9. Qxf3 Ng6 10. Bd3 Be7 11. Ne2 Qd7 12. a3 O-O-O 13. O-O Rhg8 14. Ng3 1-0

[Event "AUTO-OPEN-3105"]
[Site "http://www.queenalice.com/game.php?id=1281459"]
[Date "2014.5.13"]
[Round "2"]
[White "stranieroinpatria"]
[Black "serrameira"]
[Result "0-1"]
[WhiteElo "1825"]
[BlackElo "1983"]

1. e4 c5 2. Nf3 Nc6 3. Bc4 e6 4. d3 d5 5. Bb5 Qa5+ 6. Nc3 d4 7. Bxc6+ bxc6 8.
Bd2 dxc3 9. Bxc3 Qc7 10. Ne5 Nf6 11. O-O Bd6 12. Nf3 Qe7 13. e5 Bxe5 14. Nxe5
Qb7 15. Qf3 O-O 16. Nxc6 Nd5 0-1

[Event "Challenge"]
[Site "http://www.queenalice.com/game.php?id=1328537"]
[Date "2014.12.16"]
[Round "-"]
[White "commodoro"]
[Black "stranieroinpatria"]
[Result "1-0"]
[WhiteElo "1100"]
[BlackElo "1817"]

1. e4 e5 2. Bc4 Nf6 3. Nc3 Bb4 4. Nd5 d6 5. Nf3 Bg4 6. Nxb4 Nc6 7. Nxc6 bxc6 8.
d3 d5 9. exd5 cxd5 10. h3 Bxf3 11. Qxf3 dxc4 12. dxc4 Qd4 13. Qxa8+ Qd8 14. Qxa7
O-O 15. Bg5 h6 16. Bh4 Qd6 17. Bxf6 Qxf6 18. Qxc7 e4 19. Qb7 Qd4 20. Qb5 e3 21.
O-O Qd2 22. fxe3 Qxe3+ 23. Kh2 Qa7 24. a3 Rb8 25. Qe5 Rxb2 26. Qxb2 1-0

[Event "Challenge"]
[Site "http://www.queenalice.com/game.php?id=1328538"]
[Date "2014.12.16"]
[Round "-"]
[White "commodoro"]
[Black "stranieroinpatria"]
[Result "0-1"]
[WhiteElo "1100"]
[BlackElo "1815"]

1. d3 e5 2. e4 Nf6 3. Bg5 Be7 4. Nc3 d6 5. f4 Nc6 6. Nf3 Bg4 7. Be2 O-O 8. d4
Bxf3 9. gxf3 Nxd4 10. Qd2 Nh5 11. fxe5 dxe5 12. Be3 Bh4+ 13. Bf2 Bxf2+ 14. Kxf2
Qh4+ 15. Ke3 Qg5+ 16. Kd3 Nf4+ 17. Kc4 Rfd8 18. Rae1 Ndxe2 19. Qe3 Nxc3 20. Qxc3
Qe7 21. Rd1 Ne2 22. Qb3 Nd4 23. Qc3 Qe6+ 24. Kd3 Nb5+ 25. Ke2 Nxc3+ 26. bxc3
Rxd1 27. Rxd1 Qxa2 28. Rd2 Qc4+ 29. Kd1 Qf1# 0-1

[Event "Challenge"]
[Site "http://www.queenalice.com/game.php?id=1328539"]
[Date "2014.12.16"]
[Round "-"]
[White "stranieroinpatria"]
[Black "commodoro"]
[Result "1-0"]
[WhiteElo "1817"]
[BlackElo "1383"]

1. e4 d6 2. d4 e5 3. Nf3 Nf6 4. Nc3 Nc6 5. Bc4 Be6 6. Bxe6 fxe6 7. dxe5 dxe5 8.
Qxd8+ Rxd8 9. O-O Bc5 10. Nb5 Rd7 11. b3 O-O 12. Bb2 Bd4 13. Bxd4 exd4 14. Rad1
Nxe4 15. Rd3 a6 16. Nbxd4 Nxd4 17. Nxd4 Re8 18. c3 e5 19. f3 Nc5 20. Re3 Rde7
21. Nf5 Rf7 22. Ng3 Nd7 23. f4 c5 24. Ne4 Rxf4 25. Rff3 Rxf3 26. Rxf3 Rf8 27.
Rd3 Rd8 28. Nxc5 1-0

[Event "Challenge"]
[Site "http://www.queenalice.com/game.php?id=1347196"]
[Date "2015.3.12"]
[Round "-"]
[White "stranieroinpatria"]
[Black "commodoro"]
[Result "1-0"]
[WhiteElo "1819"]
[BlackElo "1415"]

1. e4 e5 2. Nf3 Nc6 3. Nc3 Nf6 4. Bc4 d5 5. Bxd5 Nxd5 6. Nxd5 Bg4 7. d3 Nd4 8.
Be3 Nxf3+ 9. gxf3 Bh5 10. d4 exd4 11. Qxd4 Bxf3 12. Rg1 g6 13. Qxh8 Bxe4 14.
Qe5+ Be7 15. Nxc7+ Kf8 16. Bh6+ 1-0

[Event "Challenge"]
[Site "http://www.queenalice.com/game.php?id=1348907"]
[Date "2015.3.21"]
[Round "-"]
[White "commodoro"]
[Black "stranieroinpatria"]
[Result "0-1"]
[WhiteElo "1465"]
[BlackElo "1823"]

1. d4 d5 2. e3 e6 3. Nc3 Nf6 4. Bd3 Nc6 5. Nf3 Bd6 6. e4 O-O 7. Bg5 dxe4 8. Bxe4
h6 9. Bh4 Qd7 10. O-O Bb4 11. a3 Bxc3 12. Bxf6 Bxb2 13. Ra2 Bc3 14. Re1 gxf6 15.
Re3 Nxd4 16. Rxc3 f5 17. Bd3 Rd8 18. Rc4 Nxf3+ 19. Qxf3 Qb5 20. Rb4 Qe5 21. Rb1
Qc3 22. Rd1 e5 23. Qg3+ Kh7 24. Raa1 e4 25. Bxe4 Rxd1+ 0-1

[Event "Challenge"]
[Site "http://www.queenalice.com/game.php?id=1348908"]
[Date "2015.3.21"]
[Round "-"]
[White "stranieroinpatria"]
[Black "commodoro"]
[Result "1-0"]
[WhiteElo "1821"]
[BlackElo "1446"]

1. e4 e6 2. d4 d5 3. Nc3 Nf6 4. Bg5 Be7 5. Bxf6 Bxf6 6. Nf3 Qd6 7. e5 Qb6 8.
exf6 O-O 9. fxg7 Kxg7 10. Ne5 Qxb2 11. Na4 Qb4+ 12. c3 Qd6 13. Qg4+ Kh8 14. Bd3
Nc6 15. Qh5 Nxe5 16. Qxh7# 1-0

[Event "Challenge"]
[Site "http://www.queenalice.com/game.php?id=1355465"]
[Date "2015.4.24"]
[Round "-"]
[White "stranieroinpatria"]
[Black "matto64"]
[Result "0-1"]
[WhiteElo "1835"]
[BlackElo "2084"]

1. e4 c5 2. Nf3 d6 3. Bc4 Nf6 4. d3 g6 5. Nc3 Bg7 6. O-O O-O 7. Bg5 Nc6 8. Re1
Bg4 9. Bd5 Ne5 10. Rb1 Rb8 11. h3 Nxf3+ 12. gxf3 Bxh3 13. f4 h6 14. Bxf6 Bxf6
15. Qf3 Bd7 16. e5 dxe5 17. fxe5 Bg7 18. Ne4 b6 19. c3 Bf5 20. Ng3 e6 21. Be4
Bxe5 22. Bxf5 Bxg3 23. Bxg6 Bxf2+ 24. Qxf2 fxg6 25. Qg3 Qf6 26. Kh1 g5 27. Qc7
Qf3+ 28. Kh2 Qxd3 29. Rf1 Rxf1 30. Rxf1 Qxf1 31. Qxb8+ Qf8 32. Qxa7 Qd6+ 33. Kh3
e5 34. Qa8+ Kg7 35. Qe4 Qe6+ 36. Kg3 h5 37. a3 h4+ 38. Kf2 g4 39. Kg2 Kh6 40.
Kf2 Qf6+ 41. Ke3 g3 42. Qf3 Qxf3+ 43. Kxf3 Kg5 44. a4 e4+ 0-1

[Event "Challenge"]
[Site "http://www.queenalice.com/game.php?id=1357254"]
[Date "2015.5.3"]
[Round "-"]
[White "commodoro"]
[Black "stranieroinpatria"]
[Result "0-1"]
[WhiteElo "1544"]
[BlackElo "1830"]

1. e4 e5 2. Nc3 Nf6 3. Bc4 Bc5 4. d3 d6 5. Nf3 Bg4 6. h3 Bxf3 7. Qxf3 Nc6 8. Nb5
a6 9. Nc3 Nd4 10. Qd1 O-O 11. Nd5 c6 12. Nxf6+ Qxf6 13. O-O b5 14. Bb3 Nxb3 15.
axb3 d5 16. Be3 Bxe3 17. fxe3 Qg5 18. Qd2 Rfd8 19. Rf5 Qe7 20. b4 dxe4 21. Qc3
exd3 22. cxd3 e4 23. Re5 Qd6 24. dxe4 f6 25. Qb3+ Kf8 26. Rf5 Qd2 27. Rf2 Qd6
28. Rd1 Qxd1+ 29. Qxd1 Rxd1+ 30. Kh2 Rad8 31. g4 R1d2 32. Kg3 Rxf2 33. Kxf2 Rd2+
34. Kf3 Rxb2 35. Kf4 Rxb4 36. Kf5 a5 37. e5 fxe5 38. Kxe5 a4 39. Kd6 a3 40. Kxc6
a2 41. Kc5 Rb1 0-1

[Event "Challenge"]
[Site "http://www.queenalice.com/game.php?id=1357255"]
[Date "2015.5.3"]
[Round "-"]
[White "stranieroinpatria"]
[Black "commodoro"]
[Result "1-0"]
[WhiteElo "1825"]
[BlackElo "1541"]

1. e4 e6 2. d4 d5 3. Nc3 Nf6 4. Bg5 h6 5. Bxf6 Qxf6 6. exd5 Bb4 7. dxe6 fxe6 8.
Qh5+ g6 9. Qb5+ c6 10. Qxb4 Na6 11. Bxa6 bxa6 12. O-O-O Qxf2 13. Rd2 Qe1+ 14.
Nd1 Qh4 15. Qd6 Bd7 16. Nf3 Qe7 17. Qc7 O-O 18. Ne5 Rfd8 19. Rf1 Kh7 20. Rf7+
Qxf7 21. Nxf7 Kg7 22. Nxd8 1-0

[Event "Challenge"]
[Site "http://www.queenalice.com/game.php?id=1373624"]
[Date "2015.7.26"]
[Round "-"]
[White "stranieroinpatria"]
[Black "Tadek"]
[Result "0-1"]
[WhiteElo "1829"]
[BlackElo "1940"]

1. e4 c5 2. Nc3 Nc6 3. Nf3 g6 4. Bb5 Bg7 5. d3 e6 6. Bxc6 bxc6 7. Be3 Rb8 8. b3
Bxc3+ 9. Bd2 Bxa1 10. Qxa1 f6 11. Bc3 Kf7 12. Ne5+ fxe5 13. Bxe5 d6 14. Bxh8 Nf6
15. Bxf6 Qxf6 16. Qc1 Qc3+ 17. Kd1 Qf6 18. f3 d5 19. Ke2 dxe4 20. fxe4 Kg7 21.
Rf1 Qe5 22. Qa3 Rb7 23. Qa6 Rc7 24. Qc4 Qd4 25. Qxd4+ cxd4 26. Rc1 e5 27. h3 Be6
28. c3 dxc3 29. Rxc3 c5 30. Ke3 a5 31. g4 Rc8 0-1

[Event "Challenge"]
[Site "http://www.queenalice.com/game.php?id=1406639"]
[Date "2016.1.29"]
[Round "-"]
[White "stranieroinpatria"]
[Black "commodoro"]
[Result "1-0"]
[WhiteElo "1829"]
[BlackElo "1617"]

1. e4 e5 2. Nf3 d5 3. exd5 Qxd5 4. Nc3 Qe6 5. Be2 Nc6 6. Bb5 a6 7. Bxc6+ bxc6 8.
d3 Bb4 9. Bd2 Bxc3 10. Bxc3 e4 11. O-O Nf6 12. dxe4 Nxe4 13. Bxg7 Rg8 14. Nd4
Qg6 15. Re1 Rxg7 16. g3 Bg4 17. Qd3 c5 18. Rxe4+ Kf8 19. Rae1 cxd4 20. Qa3+ Kg8
21. Re8+ Rxe8 22. Rxe8# 1-0